Propagace obce vůči vnějšímu světu.
Širší pohľad na obecné pozoruhodnosti. Ich využitie v propagácii obce. Dôležitosť uvedenia obce do povedomia finančných kruhov a jej zapojenia do "turistického priemyslu". Nástroje propagácie obce. Charakteristika účinných foriem propagačných materiálov.
Salvato in:
| Autore principale: | |
|---|---|
| Natura: | Capitolo di libro |
| Lingua: | ceco |
| Soggetti: | |
| Tags: |
Nessun Tag, puoi essere il primo ad aggiungerne!!
|
MARC
| LEADER | 00000naa a2200000 4500 | ||
|---|---|---|---|
| 001 | r008196 | ||
| 005 | 20220831085143.1 | ||
| 041 | 0 | |a cze | |
| 044 | |a [CS] | ||
| 245 | 1 | 0 | |a Propagace obce vůči vnějšímu světu. |c I. Bureš |
| 520 | |a Širší pohľad na obecné pozoruhodnosti. Ich využitie v propagácii obce. Dôležitosť uvedenia obce do povedomia finančných kruhov a jej zapojenia do "turistického priemyslu". Nástroje propagácie obce. Charakteristika účinných foriem propagačných materiálov. | ||
| 610 | 2 | 0 | |a propagácia |
| 610 | 2 | 0 | |a obce |
| 610 | 2 | 0 | |a prostriedky reklamné |
| 610 | 2 | 0 | |a ruch cestovný |
| 610 | 2 | 0 | |a mapy |
| 610 | 2 | 0 | |a adresáre |
| 100 | 1 | |a Bureš, I. | |